Philosophy of law : (Record no. 123337)

MARC details
000 -LEADER
fixed length control field 00907nam a22002897a 4500
005 - DATE AND TIME OF LATEST TRANSACTION
control field 20170124105923.0
010 ## - LIBRARY OF CONGRESS CONTROL NUMBER
LC control number A-936266
020 ## - INTERNATIONAL STANDARD BOOK NUMBER
Terms of availability 00
International Standard Book Number 019564378
035 ## - SYSTEM CONTROL NUMBER
System control number A-936266
037 ## - SOURCE OF ACQUISITION
Source of stock number/acquisition Cen Lib/Ret
040 ## - CATALOGING SOURCE
Original cataloging agency DPL
Language of cataloging EN
082 ## - DEWEY DECIMAL CLASSIFICATION NUMBER
Classification number 340.1
100 ## - MAIN ENTRY--PERSONAL NAME
Personal name Murphy, Jeffrie G.
9 (RLIN) 1905
245 ## - TITLE STATEMENT
Title Philosophy of law :
Statement of responsibility, etc by Jeffrie G. Murphy, Jules L. Coleman
Remainder of title an introduction to jurisprudence /
246 ## - VARYING FORM OF TITLE
Remainder of title
260 ## - PUBLICATION, DISTRIBUTION, ETC. (IMPRINT)
Name of publisher, distributor, etc Oxford University Press
Date of publication, distribution, etc 1997
Place of publication, distribution, etc New Delhi
270 ## - ADDRESS
City New Delhi
Address Jaisingh road
Postal code 110001
300 ## - PHYSICAL DESCRIPTION
Extent xv, 240p.
Dimensions 20cm(Hb)
490 ## - SERIES STATEMENT
Series statement Law in india
500 ## - GENERAL NOTE
General note Includes bibliographical references and index
650 ## - SUBJECT ADDED ENTRY--TOPICAL TERM
Topical term or geographic name as entry element Law
9 (RLIN) 104
650 ## - SUBJECT ADDED ENTRY--TOPICAL TERM
Topical term or geographic name as entry element Criminal law
9 (RLIN) 5474
650 ## - SUBJECT ADDED ENTRY--TOPICAL TERM
Topical term or geographic name as entry element कानून
9 (RLIN) 102
650 ## - SUBJECT ADDED ENTRY--TOPICAL TERM
Topical term or geographic name as entry element फौजदारी कानून
9 (RLIN) 5475
700 ## - ADDED ENTRY--PERSONAL NAME
Personal name Coleman, Jules L.
9 (RLIN) 5447
942 ## - ADDED ENTRY ELEMENTS (KOHA)
Source of classification or shelving scheme Dewey Decimal Classification
Koha item type English Books
Classification part 340.1
Call number suffix MUR
Holdings
Withdrawn status Lost status Damaged status Not for loan Home library Current library Date acquired Source of acquisition Cost, normal purchase price Total Checkouts Total Renewals Full call number Barcode Date last seen Date checked out Copy number Cost, replacement price Price effective from Koha item type
        Central Library Central Library 05/06/2015 Cen Lib/Ret 0.00 3 2 340.1 MUR A-936266 12/01/2024 07/12/2023 1 0.00 05/06/2015 English Books

© Delhi Public Library
Hit Counter
free hit counter